Komparácia súčasti účtovnej závierky podnikateľov podľa slovenskej právnej úpravy účtovníctva a IFRS diplomová práca

Salvato in:
Dettagli Bibliografici
Autore principale: Matušová, Anna
Ente Autore: Fakulta hospodárskej informatiky EU. Katedra účtovníctva a audítorstva
Altri autori: Blahušiaková, Miriama, 1980-
Natura: Libro
Lingua:slovacco
Pubblicazione: Bratislava 2010
Tags: Aggiungi Tag
Nessun Tag, puoi essere il primo ad aggiungerne!!

MARC

LEADER 00000nam$a2200000$$$4500
001 0119510
005 20240318122405.4
041 0 |a slo 
044 |a SK 
245 1 0 |a Komparácia súčasti účtovnej závierky podnikateľov podľa slovenskej právnej úpravy účtovníctva a IFRS  |b diplomová práca  |c Anna Matušová ; škol. Miriama Blahušiaková 
264 1 |a Bratislava  |c 2010 
300 |a 72 s. 
100 1 |a Matušová, Anna 
700 1 |a Blahušiaková, Miriama, 1980- 
710 2 |a Fakulta hospodárskej informatiky EU. Katedra účtovníctva a audítorstva